Snímače neelektrických veličín na báze RF MEMS : dátum obhajoby 6.9.2021, č. ved. odboru 2675

Gespeichert in:
Bibliographische Detailangaben
1. Verfasser: Mierka, Martin (Verfasst von)
Weitere Verfasser: Harťanský, René (Betreuung Doktorarbeit)
Format: Manuskript Buch
Sprache:Slowakisch
Veröffentlicht: Bratislava : STU v Bratislave FEI, 2021
Schlagworte:
Online-Zugang:http://is.stuba.sk/zp/portal_zp.pl?podrobnosti=152172
Tags: Tag hinzufügen
Keine Tags, Fügen Sie das erste Tag hinzu!

MARC

LEADER 00000ntm a22000003a 4500
001 stuzp71170
003 SK-STU
005 20230413105043.9
007 ta
008 150427s2015----xo-----f-mn---000-0-slo-d
040 |a STU  |b slo 
041 0 |a slo 
044 |a xo 
100 1 |a Mierka, Martin  |u 034000  |k Z8  |4 aut  |U FEI Fakulta elektrotechniky a informatiky  |T FEI Ústav elektrotechniky  |X 72558  |U E040  |Y 550  |7 72558 
242 0 1 |a Sensors of non-electric quantities based on RF MEMS  |y eng 
245 1 0 |a Snímače neelektrických veličín na báze RF MEMS :  |b dátum obhajoby 6.9.2021, č. ved. odboru 2675 
260 |a Bratislava :  |b STU v Bratislave FEI,  |c 2021 
300 |a 140 s. 
650 4 |a TEM CELL  |2 slo 
650 4 |a MEMS  |2 slo 
650 4 |a VCO  |2 slo 
650 4 |a meranie fyzikálnych veličín  |2 slo 
650 4 |a TEM CELL  |2 eng 
650 4 |a MEMS  |2 eng 
650 4 |a VCO  |2 eng 
650 4 |a physical quantities measurement  |2 eng 
700 1 |a Harťanský, René  |u 034000  |k Z1  |4 ths  |U FEI Fakulta elektrotechniky a informatiky  |T FEI Ústav elektrotechniky  |X 2588  |U E040  |Y 550  |7 A000002588 
856 4 |u http://is.stuba.sk/zp/portal_zp.pl?podrobnosti=152172 
996 |b 284ED01663  |c E*ZP-526  |l EE01  |s A  |a 24  |w stuzp71170_0001